[Event "GER-ch Blitz"]
[Site "Magdeburg"]
[Date "2021.08.01"]
[Round "6"]
[White "Richter, Christian"]
[Black "Schulze, Torben"]
[Result "0-1"]
[WhiteElo "2348"]
[BlackElo "2280"]
[PlyCount "147"]
[EventDate "2021.08.01"]
[EventType "tourn (blitz)"]
[EventRounds "29"]
[EventCountry "GER"]
[EventCategory "5"]
[SourceTitle "CBM 203 Extra"]
[Source "ChessBase"]
[SourceDate "2021.09.30"]
[SourceVersion "1"]
[SourceVersionDate "2021.09.30"]
[SourceQuality "1"]

1. d4 d6 2. g3 e5 3. dxe5 dxe5 4. Qxd8+ Kxd8 5. Bg2 c6 6. f4 Nd7 7. Nf3 Bd6 8. Nc3 Ngf6 9. Bd2 Ke7 10. 0-0-0 Bc7 11. Rhf1 h6 12. Nh4 g6 13. Be3 Re8 14. f5 g5 15. Nf3 Bb6 16. Bxb6 axb6 17. Nd2 b5 18. a3 Rd8 19. Nde4 Rh8 20. Rd2 Nxe4 21. Nxe4 Nf6 22. Nc5 Rb8 23. h3 Rd8 24. Rxd8 Kxd8 25. Nd3 Nd7 26. Bf3 f6 27. h4 Nb6 28. hxg5 hxg5 29. g4 Bd7 30. Rh1 Kc7 31. Rh6 Rf8 32. Nc5 Kc8 33. Ne4 Nd5 34. Kd2 Kc7 35. Rh7 b6 36. b3 Ne7 37. Rh6 Nd5 38. c4 bxc4 39. bxc4 Nf4 40. Nxf6 Kc8 41. Nxd7 Kxd7 42. Rxc6 Rb8 43. Rh6 Rc8 44. Kc3 Re8 45. Be4 Kc7 46. Rc6+ Kd7 47. Rxb6 Rh8 48. f6 Rh3+ 49. Kb4 Re3 50. Bf5+ Ke8 51. a4 Rxe2 52. a5 e4 53. Rb7 e3 54. Re7+ Kf8 55. Ka3 Re1 56. Kb2 e2 57. a6 Rd1 58. a7 Rd2+ 59. Kb3 Rd8 60. Kb4 Ra8 61. Kb5 Rxa7 62. Re3 Rb7+ 63. Kc6 Rf7 64. c5 Rxf6+ 65. Kd7 Rf7+ 66. Kd6 Rf6+ 67. Kd7 Rf7+ 68. Kc6 Rf6+ 69. Kb5 Rf7 70. c6 Re7 71. Be4 Re5+ 72. Kc4 Re7 73. Kd4 Ke8 74. Kc5 0-1

[Event "GER-ch Blitz"]
[Site "Magdeburg"]
[Date "2021.08.01"]
[Round "3"]
[White "Scheftlein, Richard"]
[Black "Richter, Christian"]
[Result "0-1"]
[WhiteElo "2243"]
[BlackElo "2348"]
[PlyCount "162"]
[EventDate "2021.08.01"]
[EventType "tourn (blitz)"]
[EventRounds "29"]
[EventCountry "GER"]
[EventCategory "5"]
[SourceTitle "CBM 203 Extra"]
[Source "ChessBase"]
[SourceDate "2021.09.30"]
[SourceVersion "1"]
[SourceVersionDate "2021.09.30"]
[SourceQuality "1"]

1. d4 Nf6 2. c4 g6 3. Nc3 Bg7 4. Nf3 0-0 5. Bg5 d6 6. e3 Na6 7. Be2 Qe8 8. 0-0 e5 9. dxe5 dxe5 10. Qc2 h6 11. Bh4 Bf5 12. e4 Bg4 13. Nd5 g5 14. Bg3 Nd7 15. Ne3 Bh5 16. Nxe5 Bxe2 17. Nxd7 Bxf1 18. Nxf8 Bxg2 19. Kxg2 Bxf8 20. Nf5 Nc5 21. Re1 Qc6 22. f3 Rd8 23. Rd1 Rd7 24. Rxd7 Qxd7 25. Bf2 Ne6 26. Be3 a6 27. b3 Kh7 28. Qd2 Qxd2+ 29. Bxd2 Kg6 30. Be3 h5 31. h3 Kf6 32. Kf2 Bc5 33. Bxc5 Nxc5 34. Ke3 Ne6 35. Kf2 h4 36. Kg2 Nf4+ 37. Kh2 Ke5 38. Nh6 f6 39. Ng4+ Ke6 40. Ne3 Nd3 41. a4 a5 42. Nf5 Ke5 43. Ne7 Nc5 44. Nd5 c6 45. Nb6 Nxb3 46. Kg2 Nc5 47. Kf2 Kd6 48. Nc8+ Kd7 49. Nb6+ Kd8 50. Ke3 Ne6 51. Kf2 Nf4 52. Ke3 Nxh3 53. c5 Nf4 54. Kf2 Nd3+ 55. Kg2 Nxc5 56. Nc4 Kc7 57. Nxa5 Nxa4 58. Nc4 b5 59. Ne3 Kd6 60. Ng4 Ke6 61. Ne3 Nb6 62. Nc2 c5 63. Kf2 Nc4 64. Ke2 b4 65. Na1 Ne5 66. Nb3 Kd6 67. Ke3 c4 68. Nd4 b3 69. Kd2 h3 70. Nf5+ Kc5 71. Kc3 Nxf3 72. Ng3 h2 73. Nh1 Ne5 74. Ng3 Kb5 75. Nh1 Ka4 76. Kb2 Kb4 77. Nf2 c3+ 78. Kb1 Kc4 79. Kc1 Kd4 80. Kb1 Ke3 81. Nh1 Kf3 0-1

[Event "Oberliga Nord W 1819"]
[Site "Germany"]
[Date "2019.02.03"]
[Round "6.8"]
[White "Richter, Christian"]
[Black "Virag, Attila Aba"]
[Result "0-1"]
[WhiteElo "2356"]
[BlackElo "2248"]
[PlyCount "76"]
[EventDate "2018.10.21"]
[EventType "team-tourn"]
[EventRounds "9"]
[EventCountry "GER"]
[SourceTitle "EXT 2020"]
[Source "ChessBase"]
[SourceDate "2019.10.17"]
[SourceVersion "1"]
[SourceVersionDate "2019.10.17"]
[SourceQuality "1"]
[WhiteTeam "Werder Bremen II"]
[BlackTeam "Lister Turm"]
[WhiteTeamCountry "GER"]
[BlackTeamCountry "GER"]

1. d4 Nf6 2. Nf3 c5 3. d5 e6 4. Nc3 d6 5. e4 a6 6. a4 Be7 7. Bc4 0-0 8. 0-0 exd5 9. Nxd5 Nc6 10. Nd2 Rb8 11. Nc3 Be6 12. Bd5 Qc7 13. Nc4 b5 14. axb5 axb5 15. Ne3 Nd4 16. Ne2 Nxd5 17. exd5 Nxe2+ 18. Qxe2 Bd7 19. Bd2 f5 20. f4 Bf6 21. c3 Rfe8 22. Qf2 Qb7 23. Ra2 Ra8 24. Rfa1 Rxa2 25. Rxa2 b4 26. Ra1 bxc3 27. Bxc3 Bd4 28. Re1 Qb3 29. Qd2 Re4 30. Kh1 Rxf4 31. Nf1 Rf2 32. Qg5 h6 33. Qd8+ Kh7 34. Qxd7 Qxd5 35. Ne3 Qe4 36. Qxd6 Qxe3 37. h3 Re2 38. Rxe2 Qg1# 0-1